000 00828nam a22002057a 4500
999 _c12480
_d12480
003 AR-CdUCM
008 190409b ||||| |||| 00| 0 spa d
040 _aMUNICIPALIDAD PROVINCIAL DEL CUSCO
_cBIBLIOTECA MUNICIPAL DEL CUSCO
082 _a985.003 /
_bZ2
100 _aMariategui, José Carlos
_91823
245 _aObras de José Carlos Mariategui
300 _a138 páginas ;
_c17 cm.
500 _aAl texto le falta tapa y contra tapa.
505 _aContenido : Nota editorial -- Nuestro propósito -- Auto - ubicación ideológica de Mariategui -- Su camino entre el socialismo utópico y el socialismo científico -- Su docencia clasista en las universidades populares ...
650 _aSocialismo
_91037
650 _aUtopía
_926268
650 _aHistoria
_9136
942 _2ddc
_cLIBROS
945 _arah
_d09/04/2019